01191nabaa22001937a 4500003000400000005001700004008004100021040000700062100002900069245009500098300001500193500003700208505046000245505008900705650002700794650003300821650002300854773012000877OSt20260125194542.0190701b xxu||||| |||| 00| 0 spa d cPJ aSanguinetti, Juan Carlos13aLa regulación de los recursos directos en la "Ley de Bases" /cJuan Carlos Sanguinetti.  ap. 124-133 aCita: TR LALEY AR/DOC/2165/2024  aSumario: I. Introducción.— II. El recurso directo como vía de impugnación de actos dictados por autoridades administrativas.— III. El plazo de interposición del recurso.— IV. El rol de la administración luego de la interposición del recurso.— V. La producción de prueba en el marco de un recurso directo.— VI. El pago previo de las sanciones pecuniarias como requisito de admisibilidad de un recurso directo.— VII. Conclusiones.  t¿Te interesa el texto completo? Comunicate al correo: koha@justierradelfuego.gov.ar 0aDERECHO ADMINISTRATIVO 0aPROCEDIMIENTO ADMINISTRATIVO 0aREFORMA DEL ESTADO0 02842dBuenos Aires : AbeledoPerrot, 2012-oDA121tDerecho administrativo. Nº 155 septiembre/octubre 2024z18510590